| 000 | 00500cam a2200205ua 4500 | ||
|---|---|---|---|
| 001 | 8527 | ||
| 008 | 150205n ii |||gr||||Z||||||eng | ||
| 020 | _a9780521682596 | ||
| 040 | _cMAIN | ||
| 041 | _aeng | ||
| 082 | _a414 | ||
| 100 |
_aConnor, J.D., _eAuthor., |
||
| 245 | 1 |
_aBetter english pronunciation _cBy J. D. O`Connor |
|
| 250 | _a2nd. | ||
| 260 |
_aNew Delhi: _bCambridge, _c2007. |
||
| 300 | _a150p. | ||
| 653 | _aPhonology & phonetics | ||
| 653 | _aEnglish pronunciation | ||
| 942 | _cBK | ||
| 999 |
_c7628 _d7628 |
||